Statistics for Asian Capital by Photo

Click here to take the quiz!

General Stats

  • This quiz has been taken 20 times
  • The average score is 16 of 45

Answer Stats

Answer% Correct
Tokyo
100%
Jerusalem
79%
Ankara
71%
Bangkok
71%
Beijing
57%
Doha
57%
New Delhi
57%
Yerevan
57%
Amman
50%
Kuala Lumpur
50%
Male
50%
Tashkent
50%
Baku
43%
Beirut
43%
Manama
43%
Naypyidaw
43%
Pyongyang
43%
Abu Dhabi
36%
Astana
36%
Baghdad
36%
Damascus
36%
Kuwait City
36%
Riyadh
36%
Sana'a
36%
Tbilisi
36%
Dushanbe
29%
Vientiane
29%
Ashgabat
21%
Bishkek
21%
Dili
21%
Islamabad
21%
Kathmandu
21%
Nicosia
21%
Phnom Penh
21%
Seoul
21%
Bandar Seri Bagawan
14%
Kabul
14%
Muscat
14%
Ulaanbaatar
14%
Colombo
7%
Hanoi
7%
Jakarta
7%
Tehran
7%
Manila
0%
Thimpu
0%

Score Distribution

Percentile by Number Answered

Percent of People with Each Score

Your Score History

You have not taken this quiz